000 01548cam a22003857a 4500
003 CHAP
005 20220329142555.0
008 011217d2001 mx bd r 00110 spa d
010 _a85147
011 _a86119
035 _a96657
040 _cCHAP
090 _aTesis
100 0 0 _aGalván Tovar, José Feliciano.
_944539
245 1 0 _aDiferenciación de productos, estrategia de integración del sector primario a redes de valor:
_bcaso Michoacán
_c/por José Feliciano Galván Tovar
260 _aChapingo, Méx. :
_bEl autor,
_c2001.
300 _a99 h. :
_bgráfs. ; mapa ; cuadros ; diagrama
502 _aTesis (M. C. en Economía del Desarrollo Rural) -- UACH. División de Ciencias Económico-Administrativas
590 _aALEPH
_b10
_c20130110
_lUCH01
_h1445
590 _aBATCH-UPD
_b10
_c20130110
_lUCH01
_h0329
590 _aBATCH-UPD
_b10
_c20130110
_lUCH01
_h1949
590 _aBATCH-UPD
_b10
_c20130410
_lUCH01
_h0002
590 _aBATCH-UPD
_b10
_c20130410
_lUCH01
_h1546
590 _aBATCH-UPD
_b10
_c20130914
_lUCH01
_h1454
590 _aCONVERSION
_b10
_c20130109
_lUCH01
_h1347
650 1 4 _aProductos agrícolas
_xAspectos económicos
_xMichoacán.
_991912
650 1 4 _aProductos agrícolas
_xMercadeo
_xMichoacán.
_991977
650 1 4 _aProgramación lineal.
_992371
650 1 4 _aRedes de valor.
_995384
901 _aBK
905 _aMarco A. Mendoza T.
942 _cFOLL
949 _aTesis
_bBC
_cTES
_d33724000858262
_eTS2
_fc.2
_gDonaciØn
_h38865
_i96657
_sb
949 _aTesis
_bBC
_cTES
_d966571
_eTS1
_gDonaciØn
_h38864
_i96657
_sb
999 _c85147
_d85147